[Event "Elit(Rockaden-Sollentuna)"]
[Site "?"]
[Date "2007.11.17"]
[Round "4"]
[White "Olofsson, Dan"]
[Black "Couso, Luis"]
[Result "1/2-1/2"]
[WhiteElo "2227"]
[BlackElo "2347"]
[PlyCount "102"]

1. e4 e6 2. d4 d5 3. Nc3 Bb4 4. e5 b6 5. Qg4 Bf8 6. Bg5 Qd7 7. Nf3 h6 8. Bd2
Ne7 9. Bb5 c6 10. Bd3 Ba6 11. Bxa6 Nxa6 12. O-O c5 13. a4 Ng6 14. Ne2 c4 15.
Rfb1 Be7 16. h4 h5 17. Qh3 Rc8 18. Bg5 Nb4 19. Rc1 Nc6 20. Bd2 Bd8 21. b4 Nce7
22. c3 Nf5 23. g3 b5 24. a5 Nge7 25. Nf4 a6 26. Re1 Rc6 27. Re2 Bc7 28. Rae1
Kd8 29. Ng5 Qe8 30. Qg2 Kc8 31. Qf3 g6 32. Ng2 Bd8 33. Nh3 Rc7 34. Bg5 Nc6 35.
Rd2 Be7 36. Bxe7 Qxe7 37. Rb1 Kb8 38. Ne3 Nfxd4 39. Rxd4 Nxd4 40. cxd4 c3 41.
Nc2 Qd7 42. Nf4 Qd8 43. Nh3 Qd7 44. Kg2 Qc6 45. Qd3 Rf8 46. Nf4 Rg8 47. Ne2 Qe8
48. Ne3 c2 49. Nxc2 Qe7 50. f4 Rc4 51. Ne3 Rc6 1/2-1/2

[Event "Elit(Skara-LASK)"]
[Site "?"]
[Date "2007.11.18"]
[Round "5"]
[White "Tikkanen, Hans"]
[Black "Cicak, Slavko"]
[Result "1-0"]
[WhiteElo "2447"]
[BlackElo "2583"]
[PlyCount "75"]
[SourceDate "2007.12.14"]

1. d4 g6 2. c4 Bg7 3. Nc3 Nf6 4. Nf3 O-O 5. g3 d6 6. Bg2 Bd7 7. O-O Qc8 8. Bg5
Re8 9. Qd2 e5 10. e4 Bg4 11. d5 a5 12. Ne1 Bh3 13. Nd3 Bxg2 14. Kxg2 Nbd7 15.
b3 a4 16. f3 axb3 17. axb3 c6 18. Be3 Qc7 19. Qb2 h5 20. Rxa8 Rxa8 21. Ra1 Rc8
22. Ra7 cxd5 23. Nb5 Qb8 24. cxd5 Nxd5 25. exd5 e4 26. Qd2 exd3 27. Qxd3 Nc5
28. Qc4 Na6 29. Qe4 Be5 30. Bb6 Rc1 31. f4 Bf6 32. f5 g5 33. Bd4 Nc5 34. Qe3
Rc2+ 35. Kh1 Qd8 36. b4 Na6 37. Ra8 Qxa8 38. Bxf6 1-0

[Event "Elit(Skara-LASK)"]
[Site "?"]
[Date "2007.11.18"]
[Round "5"]
[White "Eklund, Lars-Goran"]
[Black "Olsson, Linus"]
[Result "1/2-1/2"]
[WhiteElo "2358"]
[BlackElo "2471"]
[PlyCount "35"]

1. Nf3 d5 2. c4 e6 3. d4 Nf6 4. Nc3 Be7 5. Bg5 h6 6. Bh4 O-O 7. Rc1 b6 8. e3
Bb7 9. cxd5 Nxd5 10. Bxe7 Qxe7 11. Nxd5 Bxd5 12. Bc4 Bb7 13. O-O Rc8 14. Qe2 c5
15. Rfd1 Nd7 16. Ba6 Rab8 17. h3 Rc7 18. Bxb7 1/2-1/2

[Event "Elit(Skara-LASK)"]
[Site "?"]
[Date "2007.11.18"]
[Round "5"]
[White "Semcesen, Daniel"]
[Black "Andersson, Goran"]
[Result "1-0"]
[WhiteElo "2403"]
[BlackElo "2216"]
[PlyCount "111"]

1. d4 d5 2. c4 dxc4 3. Nf3 a6 4. e3 Nf6 5. Bxc4 e6 6. O-O Nbd7 7. a4 b6 8. Qe2
Bb7 9. Nc3 Bb4 10. Rd1 O-O 11. Na2 Bd6 12. b4 Qe7 13. Bb2 Rfd8 14. b5 axb5 15.
axb5 c5 16. bxc6 Bxc6 17. Nc3 Ne4 18. Bb5 Nxc3 19. Bxc3 Rac8 20. Be1 Bb8 21.
Bxc6 Rxc6 22. Qb5 Rdc8 23. Ra8 Qd6 24. g3 Qd5 25. Qxd5 exd5 26. Bb4 f6 27. Kf1
Kf7 28. Rb1 Rc1+ 29. Rxc1 Rxc1+ 30. Ke2 Rc4 31. Bd2 Bd6 32. Ne1 Bb8 33. Nd3 Ke6
34. Nb2 Rc7 35. Nd3 g5 36. Ra2 Ra7 37. Rc2 Rc7 38. Rb2 Rc4 39. Rb5 Bd6 40. Nb2
Rc8 41. Na4 Ra8 42. Nc3 Ra5 43. Rb1 Ra6 44. h3 h5 45. g4 hxg4 46. hxg4 Ra3 47.
Nb5 Ra2 48. Kd3 Bb8 49. Rc1 Rb2 50. Rc6+ Ke7 51. Nc3 Rb3 52. Kc2 Rxc3+ 53. Bxc3
Bd6 54. Kb3 Bh2 55. f3 Bg1 56. e4 1-0

[Event "Elit(Skara-LASK)"]
[Site "?"]
[Date "2007.11.18"]
[Round "5"]
[White "Cederqvist, Niclas"]
[Black "Smith, Axel"]
[Result "0-1"]
[WhiteElo "2131"]
[BlackElo "2403"]
[PlyCount "46"]

1. d4 d5 2. c4 e6 3. Nc3 c6 4. e3 Nf6 5. Nf3 Nbd7 6. cxd5 exd5 7. Bd3 Bd6 8.
O-O O-O 9. Rb1 Qe7 10. Qc2 Re8 11. Bd2 Ne4 12. Rfd1 Ndf6 13. h3 Bf5 14. Be1 Qd7
15. Ne2 h6 16. b4 a6 17. a4 Bxh3 18. gxh3 Qxh3 19. Ng3 Bxg3 20. fxg3 Ng4 21.
Bf1 Qxf1+ 22. Kxf1 Nxe3+ 23. Kg1 Nxc2 0-1

[Event "Elit(Skara-LASK)"]
[Site "?"]
[Date "2007.11.18"]
[Round "5"]
[White "Dragicevic, Drazen"]
[Black "Svensson, Sven"]
[Result "1-0"]
[WhiteElo "2322"]
[BlackElo "2273"]
[PlyCount "69"]

1. e4 e5 2. Nf3 Nc6 3. Bb5 a6 4. Ba4 Nf6 5. O-O b5 6. Bb3 Bb7 7. Re1 Bc5 8. c3
d6 9. d4 Bb6 10. a4 O-O 11. Na3 exd4 12. cxd4 Na5 13. Bc2 b4 14. Nb1 h6 15. b3
Re8 16. Nbd2 c5 17. d5 Ng4 18. h3 Ne5 19. Nxe5 dxe5 20. Bb2 Bc8 21. Qe2 Qg5 22.
Kh1 Nb7 23. Nc4 Bc7 24. Rf1 f6 25. Bc1 Qh4 26. Be3 g5 27. f3 Qh5 28. Rad1 Rd8
29. Qf2 Bd6 30. Nxd6 Nxd6 31. Bxc5 a5 32. Bxd6 Rxd6 33. Bd3 g4 34. fxg4 Bxg4
35. Qg3 1-0

[Event "Elit(Skara-LASK)"]
[Site "?"]
[Date "2007.11.18"]
[Round "5"]
[White "Friberg, Hans"]
[Black "Nilsson, Sebastian"]
[Result "1/2-1/2"]
[WhiteElo "2271"]
[BlackElo "2271"]
[PlyCount "24"]

1. Nf3 d5 2. d4 Nf6 3. c4 c6 4. Nc3 e6 5. Bg5 dxc4 6. e4 b5 7. e5 h6 8. Bh4 g5
9. exf6 gxh4 10. a4 Bb4 11. Ne5 Bb7 12. Be2 Nd7 1/2-1/2

[Event "Elit(Skara-LASK)"]
[Site "?"]
[Date "2007.11.18"]
[Round "5"]
[White "Gajic, Mladen"]
[Black "Dahlstrom, Rickard"]
[Result "1-0"]
[WhiteElo "2223"]
[BlackElo "2067"]
[PlyCount "79"]

1. e4 c5 2. c3 d5 3. exd5 Qxd5 4. d4 Nc6 5. Nf3 Bg4 6. dxc5 Qxc5 7. Be3 Qa5 8.
Na3 Nf6 9. Qb3 Bd7 10. Rd1 Qc7 11. Nb5 Qb8 12. g3 a6 13. Na3 e6 14. Nc4 b5 15.
Nb6 Ra7 16. Qc2 Rb7 17. Nxd7 Rxd7 18. Rxd7 Nxd7 19. a4 Be7 20. Bd3 h6 21. Be4
Na5 22. axb5 Qxb5 23. Nd4 Qc4 24. Bd3 Qd5 25. O-O Nc4 26. Bc1 Nde5 27. Be4 Qa5
28. Nc6 Qb5 29. Nxe7 Kxe7 30. b3 Nb6 31. Ba3+ Kf6 32. c4 Qa5 33. Bb2 Qc5 34.
Qc3 Nbd7 35. Kg2 Ke7 36. f4 Ng4 37. Bc1 Ngf6 38. Bf3 Rb8 39. Bd2 Nb6 40. Ra1
1-0

[Event "Elit(Skara-LASK)"]
[Site "?"]
[Date "2007.11.18"]
[Round "5"]
[White "Holm, Joachim"]
[Black "Frisk, Ellinor"]
[Result "0-1"]
[WhiteElo "1949"]
[BlackElo "2230"]
[PlyCount "66"]

1. e4 e6 2. d4 d5 3. Nc3 Bb4 4. Qg4 Nf6 5. Qxg7 Rg8 6. Qh6 Rg6 7. Qe3 Nxe4 8.
a3 Ba5 9. b4 Bb6 10. Nf3 Nxc3 11. Qxc3 Nc6 12. Bf4 Qf6 13. Be5 Qe7 14. Bb5 Bd7
15. Bxc6 Bxc6 16. a4 a5 17. b5 Bd7 18. O-O f6 19. Bg3 O-O-O 20. Qd3 Rdg8 21. c4
dxc4 22. Qxc4 Kb8 23. Rac1 Bc8 24. Rfe1 Qd7 25. Rc3 h5 26. Rec1 R6g7 27. Qd3
Qd5 28. Rc5 Bxc5 29. Rxc5 Qa2 30. b6 e5 31. dxe5 cxb6 32. Rb5 Rd8 33. exf6+
Rxg3 0-1

[Event "Elit(Kamraterna-Limhamn)"]
[Site "?"]
[Date "2007.11.18"]
[Round "5"]
[White "Jepson, Christian"]
[Black "Aberg, Anton"]
[Result "1-0"]
[WhiteElo "2440"]
[BlackElo "2395"]
[PlyCount "97"]

1. d4 d5 2. Nf3 Nf6 3. c4 c6 4. Qb3 dxc4 5. Qxc4 Bf5 6. g3 e6 7. Bg2 Nbd7 8.
O-O Nb6 9. Qb3 a5 10. Nc3 a4 11. Qd1 Bb4 12. Ne5 O-O 13. a3 Be7 14. e4 Bg6 15.
Be3 Nfd7 16. Nxg6 hxg6 17. Qe2 Re8 18. Rfd1 Qb8 19. Rac1 Bf8 20. f4 Ra5 21. Bf1
Nc8 22. Qc2 Nd6 23. Bf2 Qa8 24. Bd3 Rc8 25. Qe2 c5 26. e5 cxd4 27. exd6 dxc3
28. Rxc3 Rd5 29. Bb5 Rd8 30. Rxd5 exd5 31. Qd1 Nf6 32. d7 Nxd7 33. Qxa4 Qxa4
34. Bxa4 Bd6 35. Bxd7 Rxd7 36. Rc8+ Kh7 37. Bd4 Be7 38. Kf2 Bd8 39. Kf3 Be7 40.
b4 Bf6 41. Bxf6 gxf6 42. Ke3 d4+ 43. Kd3 b5 44. Ra8 f5 45. Ra5 Rc7 46. Kxd4 Rc2
47. Rxb5 Rxh2 48. Re5 f6 49. Re3 1-0

[Event "Elit(Kamraterna-Limhamn)"]
[Site "?"]
[Date "2007.11.18"]
[Round "5"]
[White "Svensson, Bengt"]
[Black "Penalver, Osmani"]
[Result "1-0"]
[WhiteElo "2508"]
[BlackElo "2264"]
[PlyCount "61"]

1. e4 c5 2. Nf3 d6 3. d4 cxd4 4. Nxd4 Nf6 5. Nc3 a6 6. Bg5 e6 7. f4 Qb6 8. Qd2
Qxb2 9. Rb1 Qa3 10. f5 Nc6 11. fxe6 fxe6 12. Nxc6 bxc6 13. e5 dxe5 14. Bxf6
gxf6 15. Ne4 Be7 16. Be2 h5 17. Rf1 f5 18. Rf3 Qa4 19. Nd6+ Kf8 20. Nc4 c5 21.
Nxe5 Qh4+ 22. g3 Qf6 23. Nc6 Rg8 24. Rf4 e5 25. Nxe7 Kxe7 26. Rh4 Qc6 27. Rxh5
Qh1+ 28. Kf2 Qxb1 29. Rh7+ Kf6 30. Qh6+ Rg6 31. Qf8+ 1-0

[Event "Elit(Kamraterna-Limhamn)"]
[Site "?"]
[Date "2007.11.18"]
[Round "5"]
[White "Helgason, Reynir"]
[Black "Andreasson, Ingvar"]
[Result "1-0"]
[WhiteElo "2389"]
[BlackElo "2400"]
[PlyCount "79"]

1. d4 d6 2. c4 Nf6 3. Nc3 g6 4. e4 Bg7 5. Be2 O-O 6. Nf3 e5 7. O-O Na6 8. Re1
Bg4 9. Be3 Qe7 10. c5 Bxf3 11. cxd6 cxd6 12. Bxf3 Rfc8 13. Bg5 h6 14. Nd5 Qd8
15. dxe5 dxe5 16. Nxf6+ Bxf6 17. Bxh6 Nb4 18. Bg4 Rc6 19. Bd7 Rc7 20. Ba4 Qe7
21. Re2 Rac8 22. Be3 Bg5 23. a3 Bxe3 24. fxe3 Nc6 25. Bb3 Kg7 26. Rf2 Qg5 27.
Qf3 Na5 28. Bd5 Rc1+ 29. Rf1 Rxa1 30. Rxa1 Qe7 31. Rf1 f6 32. Qe2 b6 33. Rd1
Nb7 34. h3 Nd6 35. Qd2 Rd8 36. Qb4 Qc7 37. Bb3 a5 38. Qd2 Nb7 39. Bd5 g5 40.
Rc1 1-0

[Event "Elit(Kamraterna-Limhamn)"]
[Site "?"]
[Date "2007.11.18"]
[Round "5"]
[White "Svenn, Gosta"]
[Black "Carlsson, Daniel"]
[Result "1/2-1/2"]
[WhiteElo "2362"]
[BlackElo "2307"]
[PlyCount "98"]

1. d4 Nf6 2. c4 e6 3. Nf3 d5 4. g3 Be7 5. Bg2 O-O 6. O-O Nbd7 7. Qc2 c5 8. cxd5
Nxd5 9. Nc3 Nb4 10. Qb3 a5 11. a3 cxd4 12. Nxd4 Na6 13. Rd1 Nac5 14. Qc2 a4 15.
Be3 Qa5 16. Rac1 Nb6 17. Ne4 Ncd7 18. Nf3 Nd5 19. Bd4 Ra6 20. Nc3 N5b6 21. Ne4
Nd5 22. Qd2 Qb5 23. Nc3 Nxc3 24. Qxc3 Rc6 25. Qe3 Rxc1 26. Rxc1 Bf6 27. Bxf6
Nxf6 28. Qc5 Bd7 29. Qxb5 Bxb5 30. Nd4 Ba6 31. Rc7 Rb8 32. e3 Kf8 33. Bf3 Ne8
34. Rc5 Nd6 35. Ra5 Rc8 36. g4 Rc1+ 37. Kg2 Rb1 38. Rxa4 Rxb2 39. Rb4 Ra2 40.
a4 Ke7 41. g5 h6 42. gxh6 gxh6 43. Nb5 Nf5 44. Kg1 Kf6 45. h3 Ra1+ 46. Kh2 Ra2
47. Kg1 Ra1+ 48. Kh2 Ra2 49. Kg1 Ra1+ 1/2-1/2

[Event "Elit(Kamraterna-Limhamn)"]
[Site "?"]
[Date "2007.11.18"]
[Round "5"]
[White "Nylen, Anders"]
[Black "Haggstrom, Olle"]
[Result "1/2-1/2"]
[WhiteElo "2239"]
[BlackElo "2243"]
[PlyCount "58"]

1. d4 d5 2. c4 e6 3. Nc3 Nf6 4. cxd5 exd5 5. Bg5 c6 6. Qc2 Be7 7. e3 Nbd7 8.
Bd3 Nh5 9. Bxe7 Qxe7 10. Nge2 g6 11. O-O O-O 12. a3 Ng7 13. b4 a6 14. Rab1 Nf6
15. a4 Bf5 16. b5 Bxd3 17. Qxd3 axb5 18. axb5 Nf5 19. bxc6 bxc6 20. Rb6 Qc7 21.
Rfb1 Nd6 22. R6b3 Rfb8 23. Rxb8+ Rxb8 24. Rxb8+ Qxb8 25. Qa6 Qb7 26. Qa4 Nfe4
27. Qc2 Qb4 28. Qb1 Qc4 29. Nxe4 Nxe4 1/2-1/2

[Event "Elit(Kamraterna-Limhamn)"]
[Site "?"]
[Date "2007.11.18"]
[Round "5"]
[White "Hamark, Jesper"]
[Black "Tadjerbashi, Amir"]
[Result "1/2-1/2"]
[WhiteElo "2381"]
[BlackElo "2244"]
[PlyCount "53"]

1. d4 d5 2. Bf4 Nf6 3. e3 g6 4. Nf3 Bg7 5. Be2 c5 6. c3 Nc6 7. O-O O-O 8. Nbd2
cxd4 9. exd4 Bf5 10. Re1 Re8 11. Ne5 Nxe5 12. Bxe5 a6 13. a4 Qb6 14. Qb3 Qxb3
15. Nxb3 Nd7 16. Bxg7 Kxg7 17. a5 g5 18. f3 e6 19. Kf2 Bg6 20. Nd2 Rec8 21. Bd1
Rc7 22. Ba4 b5 23. Bd1 Rb8 24. Be2 Rc6 25. Rec1 Rbc8 26. Nb3 R8c7 27. Ke3
1/2-1/2

[Event "Elit(Kamraterna-Limhamn)"]
[Site "?"]
[Date "2007.11.18"]
[Round "5"]
[White "Eklund, Joel"]
[Black "Svenn, Matti"]
[Result "0-1"]
[WhiteElo "2161"]
[BlackElo "2236"]
[PlyCount "60"]

1. d4 d5 2. Bg5 Nf6 3. Bxf6 gxf6 4. c4 dxc4 5. e3 e6 6. Bxc4 c5 7. Ne2 cxd4 8.
exd4 Bg7 9. O-O O-O 10. Nbc3 Nd7 11. Nf4 f5 12. d5 Qc7 13. dxe6 Nb6 14. exf7+
Kh8 15. Qf3 Be5 16. Ne6 Qxc4 17. Nxf8 Qxf7 18. Rfe1 Bg7 19. Rad1 Bxf8 20. Ne4
Bd7 21. Ng5 Qg6 22. Qf4 h6 23. Nf3 Bc6 24. g3 Bxf3 25. Qxf3 Bg7 26. Re7 Rf8 27.
Qxb7 f4 28. Qxa7 fxg3 29. hxg3 Qf6 30. Rd2 Nc8 0-1

[Event "Elit(Kamraterna-Limhamn)"]
[Site "?"]
[Date "2007.11.18"]
[Round "5"]
[White "Madebrink, Lars"]
[Black "Holst, Conny"]
[Result "1/2-1/2"]
[WhiteElo "2242"]
[BlackElo "2233"]
[PlyCount "47"]

1. d4 Nf6 2. c4 c5 3. Nf3 g6 4. Nc3 cxd4 5. Nxd4 Bg7 6. g3 Nc6 7. Bg2 O-O 8.
O-O Nxd4 9. Qxd4 d6 10. Qd2 a6 11. b3 Rb8 12. Bb2 b5 13. Nd5 bxc4 14. Nxf6+
exf6 15. bxc4 Qb6 16. Ba3 Be6 17. Qxd6 Qa5 18. Rab1 Rbc8 19. Qb4 Qe5 20. Qb2
Rfd8 21. c5 Bf8 22. Bb7 Qxb2 23. Rxb2 Bxc5 24. Bxc5 1/2-1/2

[Event "Elit(Manhem-Astorp)"]
[Site "?"]
[Date "2007.11.18"]
[Round "5"]
[White "Tairi, Faruk"]
[Black "Winsnes, Rikard"]
[Result "1/2-1/2"]
[WhiteElo "2443"]
[BlackElo "2489"]
[PlyCount "23"]

1. e4 c5 2. Nf3 Nc6 3. Nc3 g6 4. d4 cxd4 5. Nxd4 Bg7 6. Be3 Nf6 7. Bc4 Qa5 8.
O-O O-O 9. Bb3 d6 10. Nd5 Qd8 11. f3 Bd7 12. Qd2 1/2-1/2

[Event "Elit(Manhem-Astorp)"]
[Site "?"]
[Date "2007.11.18"]
[Round "5"]
[White "Sagit, Rauan"]
[Black "Sjodahl, Pontus"]
[Result "1/2-1/2"]
[WhiteElo "2353"]
[BlackElo "2482"]
[PlyCount "129"]

1. e4 e6 2. d4 d5 3. Nd2 c5 4. Ngf3 Nf6 5. exd5 exd5 6. Be2 c4 7. O-O Nc6 8.
Re1 Be7 9. b3 cxb3 10. axb3 O-O 11. c3 Bf5 12. Ne5 Qc7 13. Bd3 Bxd3 14. Nxd3
Bd6 15. Nf3 Rfe8 16. c4 Rxe1+ 17. Ndxe1 b6 18. Bd2 Ne4 19. Rc1 dxc4 20. Rxc4
Nxd2 21. Qxd2 b5 22. Rc1 Qb6 23. Nc2 a5 24. Qd3 g6 25. Qe4 Rd8 26. Ne3 Ne7 27.
Qh4 Kg7 28. Qg5 h6 29. Qg4 Ba3 30. Rd1 Qe6 31. Qxe6 fxe6 32. Re1 Bb4 33. Re2
Rc8 34. g3 Rc3 35. Kg2 Rxb3 36. Ng4 Nf5 37. Nge5 Bd6 38. Nc6 Rc3 39. Nd8 a4 40.
g4 Ne7 41. Rxe6 Nc8 42. Nb7 Be7 43. Ne5 Bf6 44. f4 Rc7 45. Nc5 a3 46. Ra6 Ra7
47. Rxa7+ Nxa7 48. Kf3 Be7 49. Nb3 Bb4 50. Ke4 Bc3 51. d5 Nc8 52. Kd3 b4 53.
Nc4 a2 54. d6 Na7 55. Ne5 Kf6 56. Kc4 Bxe5 57. fxe5+ Kxe5 58. d7 Nc6 59. Kc5
Nd8 60. Kxb4 Kd6 61. Ka3 Kxd7 62. Kxa2 Ke6 63. Kb2 Ke5 64. g5 h5 65. Kc2
1/2-1/2

[Event "Elit(Manhem-Astorp)"]
[Site "?"]
[Date "2007.11.18"]
[Round "5"]
[White "Ivarsson, Stefan"]
[Black "Akesson, Joel"]
[Result "1-0"]
[WhiteElo "2297"]
[BlackElo "2388"]
[PlyCount "119"]

1. g3 d5 2. Bg2 e5 3. Nf3 e4 4. Nd4 c5 5. Nb3 c4 6. Nd4 Bc5 7. c3 Nf6 8. b3 O-O
9. Ba3 Bxd4 10. cxd4 Re8 11. Nc3 Nc6 12. e3 Bg4 13. Qc1 cxb3 14. axb3 Rc8 15.
O-O Qd7 16. f3 exf3 17. Bxf3 Bxf3 18. Rxf3 Ne4 19. Qb2 Nxc3 20. dxc3 Nd8 21.
Qc2 Ne6 22. h4 g6 23. Raf1 f5 24. Qd3 Ng7 25. c4 Nh5 26. g4 Ng7 27. gxf5 Nxf5
28. h5 Re4 29. hxg6 hxg6 30. Kf2 Rce8 31. Bc1 Qh7 32. Rg1 Qh4+ 33. Kf1 Rg4 34.
cxd5 Rxg1+ 35. Kxg1 Qg4+ 36. Kf2 Nh4 37. Rf6 Qg5 38. Rf4 Qg2+ 39. Ke1 g5 40.
Rf1 Rc8 41. Bd2 Qxd5 42. Kd1 Qg2 43. e4 g4 44. e5 Nf3 45. Qg6+ Kh8 46. Qh6+ Kg8
47. Rh1 Qxd2+ 48. Qxd2 Nxd2 49. Kxd2 Rc6 50. Rg1 Rg6 51. Rg3 Kf7 52. Ke3 Rb6
53. Ke4 a5 54. Kf5 Rb4 55. d5 b5 56. d6 a4 57. bxa4 bxa4 58. e6+ Ke8 59. Rc3
Rb8 60. Kf6 1-0

[Event "Elit(Manhem-Astorp)"]
[Site "?"]
[Date "2007.11.18"]
[Round "5"]
[White "Nithander, Victor"]
[Black "Johansson, Mikael"]
[Result "0-1"]
[WhiteElo "2433"]
[BlackElo "2361"]
[PlyCount "72"]

1. e4 c5 2. Nf3 Nc6 3. d4 cxd4 4. Nxd4 e5 5. Nb5 d6 6. c4 Be7 7. Be2 Nf6 8.
N5c3 O-O 9. Be3 Be6 10. O-O Rc8 11. Qd2 h6 12. Rd1 a6 13. f3 Nh5 14. g3 f5 15.
exf5 Rxf5 16. g4 Rg5 17. h4 Rg6 18. Bd3 e4 19. Bxe4 Ne5 20. Bd4 Nxf3+ 21. Bxf3
Bxg4 22. Bd5+ Be6+ 23. Kh2 Bxd5 24. Nxd5 Bxh4 25. Qd3 Bg3+ 26. Kg2 Rg5 27. Nbc3
Qd7 28. Be3 Bf4+ 29. Kf2 Bxe3+ 30. Nxe3 Re8 31. Ncd5 Qf7+ 32. Ke1 Rg2 33. Qf1
Qg6 34. Qf3 Qc2 35. Kf1 Ng3+ 36. Qxg3 Qe2# 0-1

[Event "Elit(Manhem-Astorp)"]
[Site "?"]
[Date "2007.11.18"]
[Round "5"]
[White "Nilsson, Anders"]
[Black "Moberg, Karl Johan"]
[Result "1/2-1/2"]
[WhiteElo "2264"]
[BlackElo "2327"]
[PlyCount "93"]

1. d4 Nf6 2. c4 g6 3. Nc3 d5 4. Bg5 Ne4 5. Bf4 Nxc3 6. bxc3 c5 7. e3 Bg7 8.
cxd5 cxd4 9. cxd4 Qxd5 10. Be2 Nc6 11. Nf3 O-O 12. O-O b6 13. Rc1 Bb7 14. Bc4
Qf5 15. Bd3 Qa5 16. Be4 Rac8 17. Bb1 Rfd8 18. Qb3 Qb4 19. Qxb4 Nxb4 20. Bc7 Rd7
21. Bg3 Rdd8 22. Bc7 Re8 23. Bg3 Nd5 24. Bd3 Nb4 25. Bb1 Bd5 26. a3 Na2 27.
Bxa2 Bxa2 28. Nd2 Bd5 29. f3 e6 30. Bd6 Bf8 31. Bxf8 Kxf8 32. e4 Bb7 33. Kf2
Ke7 34. Ke3 Ba6 35. Rfd1 Bb5 36. e5 Ba4 37. Re1 Bc2 38. Ne4 Bxe4 39. fxe4 f6
40. exf6+ Kxf6 41. Rf1+ Ke7 42. Kd3 Red8 43. e5 Rxc1 44. Rxc1 Kd7 45. Rf1 Ke7
46. Rc1 Kd7 47. Rf1 1/2-1/2

[Event "Elit(Manhem-Astorp)"]
[Site "?"]
[Date "2007.11.18"]
[Round "5"]
[White "Schneider, Lars-Ake"]
[Black "Tallinger, Thomas"]
[Result "1/2-1/2"]
[WhiteElo "2328"]
[BlackElo "2200"]
[PlyCount "35"]

1. Nf3 c5 2. c4 Nc6 3. g3 g6 4. Bg2 Bg7 5. O-O Nf6 6. d4 cxd4 7. Nxd4 O-O 8.
Nc3 Nxd4 9. Qxd4 d6 10. Qd3 Rb8 11. e4 a6 12. Rd1 Bg4 13. f3 Be6 14. Qe2 Rc8
15. Nd5 b5 16. cxb5 Bxd5 17. exd5 Qb6+ 18. Be3 1/2-1/2

[Event "Elit(Manhem-Astorp)"]
[Site "?"]
[Date "2007.11.18"]
[Round "5"]
[White "Pettersson, Gosta"]
[Black "Kinnmark, Ove"]
[Result "1/2-1/2"]
[WhiteElo "2133"]
[BlackElo "2272"]
[PlyCount "129"]

1. c4 e5 2. Nc3 Nf6 3. g3 Bb4 4. Nd5 Nxd5 5. cxd5 O-O 6. Bg2 c6 7. e3 cxd5 8.
Qb3 Nc6 9. Bxd5 Bc5 10. Ne2 d6 11. O-O Qe7 12. a3 Bh3 13. Bg2 Bxg2 14. Kxg2 Kh8
15. Qd5 a5 16. d4 Ba7 17. Bd2 a4 18. Rae1 f5 19. f4 e4 20. Rc1 Rf6 21. Rc4 Raf8
22. Rxa4 Qd7 23. Qb5 Bb8 24. d5 Ne5 25. Qxd7 Nxd7 26. Bc3 R6f7 27. Bd4 h6 28.
Rc1 Re8 29. Rac4 Kg8 30. b4 Nf8 31. b5 Ng6 32. b6 Ne7 33. Nc3 Rff8 34. Rb1 Rc8
35. Rxc8 Rxc8 36. Rb5 Kf7 37. Kf2 g5 38. Rb1 Rc4 39. h4 g4 40. Ke2 h5 41. Kd2
Ke8 42. Rb5 Kd7 43. Ne2 Ra4 44. Bb2 Rc4 45. Nd4 Rc5 46. Rxc5 dxc5 47. Ne6 Nxd5
48. Nxc5+ Kc6 49. Bd4 Nxb6 50. Ne6 Nc4+ 51. Kc3 Nxa3 52. Ng7 Nb5+ 53. Kc4 Nxd4
54. Kxd4 Ba7+ 55. Ke5 Bxe3 56. Nxf5 Bf2 57. Kxe4 b5 58. Nd4+ Kd7 59. Nxb5 Bxg3
60. Kf5 Bxh4 61. Nd4 Be7 62. Ne2 Bd8 63. Ng3 h4 64. Kxg4 hxg3 65. Kxg3 1/2-1/2

[Event "Elit(Manhem-Astorp)"]
[Site "?"]
[Date "2007.11.18"]
[Round "5"]
[White "Andersson, Bjorn"]
[Black "Fagerstrom, Bjorn"]
[Result "1-0"]
[WhiteElo "2320"]
[BlackElo "2259"]
[PlyCount "113"]

1. e4 e6 2. d4 d5 3. Nd2 c5 4. exd5 Qxd5 5. Ngf3 cxd4 6. Bc4 Qd6 7. Qe2 Nf6 8.
Nb3 Nc6 9. Bg5 a6 10. O-O-O Be7 11. Nbxd4 Nxd4 12. Nxd4 Qc7 13. Kb1 O-O 14. h4
b5 15. Bb3 Bb7 16. Bxe6 fxe6 17. Nxe6 Qc6 18. Nxf8 Kxf8 19. f3 h6 20. Bf4 Re8
21. Qd3 Rd8 22. Qf5 Rxd1+ 23. Rxd1 Bc8 24. Qd3 Be6 25. Bd6 Nd5 26. Bxe7+ Kxe7
27. Qd4 Kf7 28. g4 b4 29. f4 Kf8 30. f5 Bf7 31. g5 hxg5 32. hxg5 Qb5 33. Re1
Qa5 34. Qe5 Qd8 35. g6 Bg8 36. Re4 a5 37. Qd4 Qc7 38. Qe5 Qd8 39. Rd4 a4 40.
Kc1 Qg5+ 41. Rd2 a3 42. bxa3 Qg1+ 43. Rd1 Qg5+ 44. Kb2 bxa3+ 45. Kxa3 Qd8 46.
Rd3 Qa5+ 47. Kb2 Qb6+ 48. Kc1 Qg1+ 49. Rd1 Qc5 50. Re1 Qa3+ 51. Kd1 Qf3+ 52.
Kd2 Qg2+ 53. Kc1 Qg5+ 54. Kb1 Qd8 55. Ka1 Ne7 56. c4 Qa8 57. Qd6 1-0

[Event "Elit(Wasa-Upsala)"]
[Site "?"]
[Date "2007.11.18"]
[Round "5"]
[White "Johansson, Jan"]
[Black "Wedberg, Tom"]
[Result "1-0"]
[WhiteElo "2443"]
[BlackElo "2562"]
[PlyCount "24"]

1. d4 Nf6 2. Nf3 e6 3. c4 c5 4. d5 d6 5. Nc3 exd5 6. cxd5 g6 7. h3 a6 8. a4 Qe7
9. Bf4 Nh5 10. Bh2 f5 11. e3 Nd7 12. Be2 Nhf6 1-0

[Event "Elit(Wasa-Upsala)"]
[Site "?"]
[Date "2007.11.18"]
[Round "5"]
[White "Genkin, Michael"]
[Black "Jansson, Borje"]
[Result "1/2-1/2"]
[WhiteElo "2351"]
[BlackElo "2338"]
[PlyCount "51"]

1. d4 d5 2. c4 dxc4 3. Nf3 Nf6 4. e3 a6 5. Bxc4 e6 6. O-O c5 7. Qe2 b5 8. Bb3
Bb7 9. Rd1 Qc7 10. a4 Nbd7 11. axb5 axb5 12. Rxa8+ Bxa8 13. Qxb5 Bxf3 14. gxf3
cxd4 15. Qc4 Qb7 16. Ba4 Bd6 17. Qxd4 Bb8 18. Qc5 Ba7 19. Qc6 Qxc6 20. Bxc6 Ke7
21. f4 e5 22. fxe5 Nxe5 23. Bg2 Rb8 24. b4 Nc4 25. Nd2 Rxb4 26. Bf1 1/2-1/2

[Event "Elit(Wasa-Upsala)"]
[Site "?"]
[Date "2007.11.18"]
[Round "5"]
[White "Lundvik, Jonas"]
[Black "Astrom, Goran"]
[Result "1/2-1/2"]
[WhiteElo "2356"]
[BlackElo "2297"]
[PlyCount "88"]

1. d4 Nf6 2. Nf3 e6 3. g3 b5 4. Bg2 Bb7 5. O-O c5 6. Re1 cxd4 7. Nxd4 Bxg2 8.
Kxg2 Qb6 9. Nc3 b4 10. Na4 Qb7+ 11. Kg1 Be7 12. a3 bxa3 13. b3 d5 14. Qd3 O-O
15. Bxa3 Bxa3 16. Rxa3 Nbd7 17. Qb5 Qxb5 18. Nxb5 Rfc8 19. Rc1 Rab8 20. Nd4 Rb7
21. f3 g6 22. e3 e5 23. Ne2 e4 24. fxe4 dxe4 25. Nd4 Ng4 26. Re1 Nge5 27. Re2
Nc5 28. h3 Nxa4 29. Rxa4 Rc3 30. Kf2 f5 31. Rd2 Kf7 32. Ra6 Rd7 33. Re2 Rcc7
34. Re1 Nf3 35. Nxf3 Rxc2+ 36. Re2 Rxe2+ 37. Kxe2 exf3+ 38. Kxf3 Rb7 39. h4 h5
40. Kf4 Rxb3 41. Rxa7+ Kg8 42. Kg5 Rxe3 43. Kxg6 Rxg3+ 44. Kxf5 Rg4 1/2-1/2

[Event "Elit(Wasa-Upsala)"]
[Site "?"]
[Date "2007.11.18"]
[Round "5"]
[White "Heinola, Vesa"]
[Black "Andersson, Fredrik"]
[Result "1-0"]
[WhiteElo "2295"]
[BlackElo "2326"]
[PlyCount "61"]

1. d4 Nf6 2. c4 g6 3. Nc3 Bg7 4. e4 d6 5. f3 O-O 6. Bg5 c5 7. d5 Nbd7 8. Nh3
Qa5 9. Bd2 Re8 10. Be2 Qd8 11. O-O e6 12. Nf2 exd5 13. cxd5 a6 14. a4 Nh5 15.
f4 Nhf6 16. Bd3 Qc7 17. b3 Rb8 18. Qf3 Nf8 19. Rae1 N6d7 20. Ng4 Nb6 21. f5
Bd4+ 22. Kh1 Kh8 23. Ne2 Qe7 24. Nxd4 cxd4 25. Qf2 Nbd7 26. f6 Qd8 27. Bh6 Kg8
28. Bg7 h5 29. Nh6+ Kh7 30. Nxf7 Qc7 31. Ng5+ 1-0

[Event "Elit(Wasa-Upsala)"]
[Site "?"]
[Date "2007.11.18"]
[Round "5"]
[White "Glimbrandt, Torbjorn"]
[Black "Collett, Peter"]
[Result "1-0"]
[WhiteElo "2342"]
[BlackElo "2262"]
[PlyCount "70"]

1. d4 Nf6 2. c4 e6 3. Nf3 c5 4. e3 d5 5. Nc3 Nc6 6. a3 a6 7. dxc5 Bxc5 8. b4
Bd6 9. Bb2 dxc4 10. Bxc4 b5 11. Bd3 Bb7 12. Ne4 Be7 13. Nc5 Bxc5 14. bxc5 Qe7
15. Rc1 e5 16. Bb1 Rd8 17. Qc2 O-O 18. O-O Rfe8 19. Rfd1 g6 20. Ng5 Rxd1+ 21.
Rxd1 Kg7 22. f4 exf4 23. Ne4 Ne5 24. Nd6 Rb8 25. exf4 Nc4 26. Nxc4 bxc4 27. Bd4
Kg8 28. Qxc4 Nh5 29. Be5 Rd8 30. Rd6 Qh4 31. Rxd8+ Qxd8 32. Qd3 Qe7 33. Qd6 Qe8
34. Qb8 Bc8 35. Bd3 f6 1-0

[Event "Elit(Wasa-Upsala)"]
[Site "?"]
[Date "2007.11.18"]
[Round "5"]
[White "Berkell, Peder"]
[Black "Burwick, Malte"]
[Result "1/2-1/2"]
[WhiteElo "2213"]
[BlackElo "2278"]
[PlyCount "23"]

1. e4 g6 2. c4 Bg7 3. Nc3 e5 4. g3 d6 5. Bg2 Nc6 6. Nge2 Nge7 7. d3 O-O 8. O-O
f5 9. Rb1 a5 10. a3 Kh8 11. Nd5 Nxd5 12. cxd5 1/2-1/2